Estadísticas para Países Unidos #5

Haz click aquí para tomar la prueba!

Estadísticas generales

  • Esta prueba ha sido tomada 4.548 veces
  • La puntuación promedio es 14 de 20

Respuestas en el mapa

Las respuestas están codificadas por una escala verde-roja en el mapa de la prueba según el % correcto abajo.
 

Estadísticas de respuestas

Países Unidos% Correcto
China
89%
Colombia
83%
Rusia
83%
Argentina
81%
Corea del Sur
80%
Mongolia
79%
Uruguay
78%
Venezuela
78%
Corea del Norte
76%
Bulgaria
69%
Serbia
69%
Finlandia
66%
Georgia
66%
Suecia
66%
Níger
65%
Burkina Faso
57%
Indonesia
55%
Malasia
52%
Botsuana
48%
Zimbabue
46%

Distribución de puntuación

Porcentaje por número respondido

Porcentaje de gente con cada puntuación

Historial de tus puntuaciones

No has tomado esta prueba